| 000 | 00751nam0a22002651 4500 | ||
|---|---|---|---|
| 001 | RU\NLR\INFOCOMM16\ROSSICA\1000479258 | ||
| 005 | 20250613193149.0 | ||
| 035 | _a(NLR Aleph) 009966602 | ||
| 090 |
_a9627027 _c9627027 |
||
| 100 | _a20031008d1883 |||y0rusy50 ca | ||
| 101 | 1 | _ager | |
| 102 | _aRU | ||
| 105 | _ay ||||000ay | ||
| 200 | 1 |
_aDie Russisch-baltische Frage _fWrangell, Ferdinand von _gAus dem Russischen übersetzt von A.N(apiersky) |
|
| 210 |
_aSt.Petersburg _d1883 |
||
| 215 | _d8° | ||
| 700 | 1 |
_aWrangell _bF.von _gFerdinand von _4070 |
|
| 702 | 1 |
_aNapiersky _bA. _4730 |
|
| 801 | 1 |
_aRU _bInfoComm _c20031008 |
|
| 801 | 0 |
_aRU _bNLR _gPSBO |
|
| 852 |
_aNLR _j14.44.2.28 |
||
| 942 | _cBOOK | ||
| 980 | _aNB | ||
| 980 | _aRossica | ||